|
|
|
|
| LEADER |
01716cas a2200241 a 4500 |
| 001 |
AALejournalIMF009362 |
| 008 |
230101c9999 xx r poo 0 0eng d |
| 020 |
|
|
|c 5.00 USD
|
| 020 |
|
|
|z 9781451807356
|
| 022 |
|
|
|a 1934-7685
|
| 040 |
|
|
|a BD-DhAAL
|c BD-DhAAL
|
| 110 |
2 |
|
|a International Monetary Fund.
|
| 245 |
1 |
0 |
|a Switzerland :
|b Financial Sector Assessment Program; Technical Note; An Assessment of Insurance Core Principles for the Reinsurance Industry.
|
| 264 |
|
1 |
|a Washington, D.C. :
|b International Monetary Fund,
|c 2007.
|
| 300 |
|
|
|a 1 online resource (30 pages)
|
| 490 |
1 |
|
|a IMF Staff Country Reports
|
| 500 |
|
|
|a <strong>Off-Campus Access:</strong> No User ID or Password Required
|
| 500 |
|
|
|a <strong>On-Campus Access:</strong> No User ID or Password Required
|
| 506 |
|
|
|a Electronic access restricted to authorized BRAC University faculty, staff and students
|
| 520 |
3 |
|
|a This technical note discusses key findings of the assessment of Insurance Core Principles (ICP) for the reinsurance industry for Switzerland. It reveals that the Swiss reinsurance market is dominated by three large players with a strong international presence. The reinsurance industry comprises 20 professional reinsurers and 50 reinsurance captives with gross premiums written totaling SwF 37.4 billion for 2005. Swiss Re, European Re, and Converium have consistently maintained more than 75 percent market share. More than 95 percent of reinsurance premiums came from foreign business.
|
| 538 |
|
|
|a Mode of access: Internet
|
| 830 |
|
0 |
|a IMF Staff Country Reports; Country Report ;
|v No. 2007/200
|
| 856 |
4 |
0 |
|z Full text available on IMF
|u http://elibrary.imf.org/view/journals/002/2007/200/002.2007.issue-200-en.xml
|z IMF e-Library
|